| 000 | 00736nam a2200181Ia 4500 | ||
|---|---|---|---|
| 008 | 151202s9999||||xx |||||||||||||| ||und|| | ||
| 082 | _bPNVM-46185 | ||
| 100 | _aभडकमकर रोहन. | ||
| 245 | _aरागदारी संगीतातील सौंदर्यस्थळे. | ||
| 260 | _b"प्रतिमा प्रकाशन,पुणे." | ||
| 260 | _c2004 | ||
| 300 | _a133 | ||
| 600 | _aभडकमकर रोहन. | ||
| 630 | _aरागदारी संगीतातील सौंदर्यस्थळे. | ||
| 700 | _aभडकमकर रोहन. | ||
| 730 | _aरागदारी संगीतातील सौंदर्यस्थळे. | ||
| 942 | _cBOOK | ||
| 999 |
_c1312135 _d1312132 |
||